LDR 00813nam a2200205 i 4500 001 000000124197 003 CaOOAMICUS 005 20260605125358.0 008 040316s2003 it u000 u ita u 020 $a88-06-15295-5 040 $aSeMil$bita 245 10$aDel costruire :$btecniche, artisti, artigiani, committenti. 300 $aXXXVIII, 724 p., [32] p. di tav. 773 0 $tArti e storia nel Medioevo.$dTorino : Giulio Einaudi, 2002-2003.$gVolume2$w()11196 850 $aSeMil 852 $aSeMil$W1$xVenegono$y1$m3T III 130/2$j272982$B78811$CSeMilBibl$Z2$F81108 $81 961 $aAcquisto: Einaudi (Agente) 996 $6020$a88-06-15295-5$9(OLS)http://semarc/number/109935 996 $6245$aDel costruire :$btecniche, artisti, artigiani, committenti$9(OLS)http://semarc/title/182746